| 000 | 00538nam a22001817a 4500 | ||
|---|---|---|---|
| 003 | OSt | ||
| 005 | 20150211165621.0 | ||
| 008 | 150210b xxu||||| |||| 00| 0 eng d | ||
| 040 | _cBMC | ||
| 082 | _a813.5 | ||
| 100 | 1 |
_aSalvador, Tomás _d1921-1984 _931442 |
|
| 245 | 1 | 3 |
_aEl agitador _cTomás Salvador ; [traducción, Mª Antonia Oliver] |
| 260 |
_aBarcelona [etc.] _bGrijalbo _cD.L. 1974 |
||
| 300 |
_a207 p. _c19 cm |
||
| 650 | 2 | 4 |
_917595 _aNovela norteamericana |
| 700 | 1 |
_931531 _aOliver, Maria Antònia |
|
| 942 |
_2ddc _cBK _hahoj |
||
| 999 |
_c18379 _d18379 |
||